[Event "BL2-Nord 2223"]
[Site "Germany"]
[Date "2023.03.19"]
[Round "10.8"]
[White "Voigt, Martin"]
[Black "Von Mettenheim, Johannes"]
[Result "0-1"]
[WhiteElo "2323"]
[BlackElo "2298"]
[PlyCount "70"]
[EventDate "2022.10.22"]
[EventType "team-tourn"]
[EventRounds "10"]
[EventCountry "GER"]
[SourceTitle "EXT 2024"]
[Source "ChessBase"]
[SourceDate "2023.10.10"]
[SourceVersion "1"]
[SourceVersionDate "2023.10.10"]
[SourceQuality "1"]
[WhiteTeam "St Pauli"]
[BlackTeam "Lister Turm"]
[WhiteTeamCountry "GER"]
[BlackTeamCountry "GER"]

1. e4 c6 2. d4 d5 3. Nc3 dxe4 4. Nxe4 Nf6 5. Nxf6+ exf6 6. c3 Bd6 7. Bd3 0-0 8. Qc2 c5 9. Ne2 g6 10. Bh6 Re8 11. 0-0-0 Qc7 12. h4 Nc6 13. h5 g5 14. dxc5 Bxc5 15. f4 Rxe2 16. Qxe2 Qxf4+ 17. Kb1 Bg4 18. Qf1 Bf2 19. Bc2 Bxd1 20. Qxd1 Rd8 21. Qe2 Bg3 22. a3 Qe5 23. Qc4 Qe6 24. Qb5 Qd5 25. Qa4 Qxg2 26. Rd1 Rxd1+ 27. Bxd1 Qf1 28. Qg4 Ne7 29. Ka2 Nf5 30. Bxg5 fxg5 31. Bc2 Qf4 32. Qe2 Ne3 33. Bb3 h6 34. Qb5 b6 35. Qd3 Kg7 0-1

[Event "Titled Tuesday intern op 01st Nov Late"]
[Site "Chess.com INT"]
[Date "2022.11.01"]
[Round "3"]
[White "Budisavljevic, Luka"]
[Black "Voigt, Martin"]
[Result "1-0"]
[WhiteElo "2505"]
[BlackElo "2320"]
[PlyCount "119"]
[EventDate "2022.11.01"]
[EventType "swiss (blitz)"]
[EventRounds "11"]
[EventCountry "USA"]
[SourceTitle "EXT 2024"]
[Source "ChessBase"]
[SourceDate "2023.10.10"]
[SourceVersion "1"]
[SourceVersionDate "2023.10.10"]
[SourceQuality "1"]

1. c4 e5 2. Nc3 Nc6 3. e3 Nf6 4. Nf3 d5 5. cxd5 Nxd5 6. Bb5 Nxc3 7. bxc3 Bd6 8. d4 exd4 9. cxd4 0-0 10. 0-0 Bg4 11. h3 Bh5 12. Bb2 Qf6 13. Rb1 Ne7 14. Be2 Bg6 15. Bd3 Qe6 16. Re1 Qxa2 17. e4 c6 18. Re2 Qa5 19. Bc4 b5 20. Bb3 Rfe8 21. Nh4 Rad8 22. d5 cxd5 23. Qd4 f6 24. Nxg6 Nxg6 25. Qxd5+ Kh8 26. g3 Bxg3 27. Qf5 Be5 28. Bf7 Nf4 29. Re3 Re7 30. Bxe5 Rxe5 31. Qxf4 Qd2 32. Bd5 b4 33. Rf3 Rg5+ 34. Kh2 Qxf4+ 35. Rxf4 a5 36. Rf3 h5 37. Rfb3 Rb8 38. Ra1 Rb5 39. f4 Rg6 40. Bf7 Rh6 41. f5 h4 42. Kg2 g5 43. fxg6 Kg7 44. Kf3 Rhh5 45. Kf4 Rhg5 46. Rd1 Rb7 47. Rd8 a4 48. Rbd3 a3 49. Rg8+ Kh6 50. Rh8+ Kg7 51. Rh7+ Kf8 52. Rd8+ Ke7 53. Rd5 Rb8 54. Rxg5 fxg5+ 55. Kxg5 b3 56. Bxb3+ Kd6 57. Ba2 Ke5 58. Re7+ Kd6 59. Kf6 Rf8+ 60. Rf7 1-0

[Event "Titled Tuesday intern op 01st Nov Late"]
[Site "Chess.com INT"]
[Date "2022.11.01"]
[Round "10"]
[White "Santos Flores, Alberto Javier"]
[Black "Voigt, Martin"]
[Result "1-0"]
[WhiteElo "2164"]
[BlackElo "2320"]
[PlyCount "65"]
[EventDate "2022.11.01"]
[EventType "swiss (blitz)"]
[EventRounds "11"]
[EventCountry "USA"]
[SourceTitle "EXT 2024"]
[Source "ChessBase"]
[SourceDate "2023.10.10"]
[SourceVersion "1"]
[SourceVersionDate "2023.10.10"]
[SourceQuality "1"]

1. e4 c6 2. d4 d5 3. Nc3 dxe4 4. Nxe4 Nf6 5. Nxf6+ exf6 6. c3 Bd6 7. Bd3 0-0 8. Ne2 Re8 9. 0-0 Nd7 10. Ng3 Nf8 11. Qh5 Be6 12. Nf5 Bxf5 13. Qxf5 g6 14. Qf3 f5 15. Bf4 Ne6 16. Bxd6 Qxd6 17. Rfe1 Rad8 18. Bc4 Ng5 19. Qd3 b5 20. Bb3 a5 21. a4 Rxe1+ 22. Rxe1 bxa4 23. Bxa4 c5 24. Rd1 cxd4 25. Qxd4 Qxd4 26. Rxd4 Rxd4 27. cxd4 Kf8 28. Kf1 Ke7 29. Ke2 Kd6 30. Bb3 f6 31. f3 h6 32. Bg8 Kc6 33. h4 1-0

[Event "Titled Tuesday intern op 01st Nov Late"]
[Site "Chess.com INT"]
[Date "2022.11.01"]
[Round "5"]
[White "Voigt, Martin"]
[Black "Kanyamarala, Trisha"]
[Result "0-1"]
[WhiteElo "2320"]
[BlackElo "2163"]
[PlyCount "56"]
[EventDate "2022.11.01"]
[EventType "swiss (blitz)"]
[EventRounds "11"]
[EventCountry "USA"]
[SourceTitle "EXT 2024"]
[Source "ChessBase"]
[SourceDate "2023.10.10"]
[SourceVersion "1"]
[SourceVersionDate "2023.10.10"]
[SourceQuality "1"]

1. e4 c5 2. Nf3 d6 3. Bb5+ Nd7 4. d4 cxd4 5. Qxd4 a6 6. Bxd7+ Bxd7 7. Nc3 e6 8. Bg5 Qc7 9. 0-0 Ne7 10. Rad1 Nc6 11. Qd2 f6 12. Bf4 Ne5 13. Nxe5 dxe5 14. Be3 Bc6 15. f3 b5 16. a3 Be7 17. Qf2 0-0 18. Rd3 a5 19. Ne2 b4 20. axb4 axb4 21. Rfd1 Ra2 22. Bb6 Qb7 23. Bc5 Rxb2 24. Bxe7 Qxe7 25. Rd6 Rxc2 26. Qb6 Rxe2 27. Qxc6 Qa7+ 28. Qb6 Qa2 0-1

[Event "GER-ch Rapid 48th"]
[Site "Goettingen"]
[Date "2022.09.24"]
[Round "2"]
[White "Voigt, Martin"]
[Black "Fridman, Daniel"]
[Result "1/2-1/2"]
[WhiteElo "2319"]
[BlackElo "2607"]
[PlyCount "85"]
[EventDate "2022.09.24"]
[EventType "swiss (rapid)"]
[EventRounds "9"]
[EventCountry "GER"]
[SourceTitle "CBM 210 Extra"]
[Source "ChessBase"]
[SourceDate "2022.11.30"]
[SourceVersion "1"]
[SourceVersionDate "2022.11.30"]
[SourceQuality "1"]

1. e4 c6 2. d4 d5 3. Nc3 dxe4 4. Nxe4 Bf5 5. Ng3 Bg6 6. h4 h6 7. Nf3 e6 8. Ne5 Bh7 9. Bd3 Bxd3 10. Qxd3 Nd7 11. f4 Be7 12. Nh5 Bxh4+ 13. g3 Bf6 14. Bd2 Qe7 15. 0-0-0 g6 16. Nxf6+ Ngxf6 17. Qb3 Nxe5 18. dxe5 Nd5 19. c4 Nb6 20. Be3 Kf8 21. g4 Rd8 22. f5 exf5 23. Rxd8+ Qxd8 24. gxf5 Qe7 25. fxg6 fxg6 26. Rxh6 Rxh6 27. Bxh6+ Ke8 28. Qg3 Nxc4 29. Qxg6+ Qf7 30. Qg4 Nxe5 31. Qc8+ Ke7 32. Qxb7+ Ke6 33. Qxf7+ Kxf7 34. Be3 a6 35. Kc2 Ke6 36. Kc3 Kd5 37. Bf4 Nc4 38. b3 Na5 39. Bh6 Nb7 40. Bf8 c5 41. Be7 Na5 42. Bxc5 Kxc5 43. b4+ 1/2-1/2

[Event "BL2-Nord 2122"]
[Site "Germany"]
[Date "2022.07.02"]
[Round "9.5"]
[White "Michna, Christian"]
[Black "Voigt, Martin"]
[Result "0-1"]
[WhiteElo "2202"]
[BlackElo "2293"]
[PlyCount "104"]
[EventDate "2022.03.05"]
[EventType "team-tourn"]
[EventRounds "10"]
[EventCountry "GER"]
[SourceTitle "EXT 2023"]
[Source "ChessBase"]
[SourceDate "2022.10.05"]
[SourceVersion "1"]
[SourceVersionDate "2022.10.05"]
[SourceQuality "1"]
[WhiteTeam "Norderstedt"]
[BlackTeam "St Pauli"]
[WhiteTeamCountry "GER"]
[BlackTeamCountry "GER"]

1. d4 d5 2. Nc3 Nf6 3. Bf4 c5 4. e3 cxd4 5. exd4 a6 6. Nf3 Nc6 7. Ne5 Bf5 8. g4 Nxe5 9. dxe5 Bxg4 10. Qd4 Nd7 11. Qxd5 Qb6 12. Qb3 Qxb3 13. axb3 g5 14. Bg3 Bf3 15. Rg1 Bg7 16. Nb5 Rc8 17. Nd4 Be4 18. 0-0-0 Nxe5 19. Re1 Nd3+ 20. Bxd3 Bxd3 21. Be5 Bxe5 22. Rxe5 f6 23. Re6 Kf7 24. Rge1 Rhd8 25. Rxe7+ Kg6 26. Kb1 Rxd4 27. cxd3 Rxd3 28. f4 gxf4 29. Rg1+ Kf5 30. Rxh7 Rd2 31. Rh5+ Ke4 32. Re1+ Kf3 33. Rf5 Rcc2 34. Ka2 Rxh2 35. Rxf6 Rxb2+ 36. Ka3 Rbe2 37. Rc1 Re4 38. Rc7 b5 39. Rb7 b4+ 40. Rxb4 Rxb4 41. Kxb4 Ra2 42. Kc4 Ke3 43. Re6+ Kf2 44. Rh6 Ra1 45. Kd3 f3 46. Kd2 Ra5 47. b4 Ra3 48. Rh2+ Kg3 49. Rh6 f2 50. Rg6+ Kf3 51. Rf6+ Kg2 52. Rg6+ Rg3 0-1

[Event "BL2-Nord 2122"]
[Site "Germany"]
[Date "2022.04.30"]
[Round "3.7"]
[White "Boehme, Arne"]
[Black "Voigt, Martin"]
[Result "1-0"]
[WhiteElo "2144"]
[BlackElo "2311"]
[PlyCount "101"]
[EventDate "2022.03.05"]
[EventType "team-tourn"]
[EventRounds "10"]
[EventCountry "GER"]
[SourceTitle "EXT 2023"]
[Source "ChessBase"]
[SourceDate "2022.10.05"]
[SourceVersion "1"]
[SourceVersionDate "2022.10.05"]
[SourceQuality "1"]
[WhiteTeam "Lingen"]
[BlackTeam "St Pauli"]
[WhiteTeamCountry "GER"]
[BlackTeamCountry "GER"]

1. e4 c6 2. d4 d5 3. e5 c5 4. dxc5 e6 5. a3 Bxc5 6. Nf3 Ne7 7. Bd3 Ng6 8. 0-0 0-0 9. Ng5 Be7 10. Qh5 Bxg5 11. Bxg5 Qb6 12. Nd2 Nd7 13. Nf3 Re8 14. Be3 Qc7 15. Bd4 Ndf8 16. Qg5 b6 17. h4 h6 18. Qe3 Ne7 19. g4 Nc6 20. b4 Bb7 21. Kg2 f6 22. b5 Nxd4 23. Qxd4 Nd7 24. Rae1 Rac8 25. g5 Qc3 26. gxf6 Qxd4 27. f7+ Kxf7 28. Nxd4 g5 29. f4 gxf4 30. Rxf4+ Ke7 31. Rg4 Rg8 32. Kh3 Rcf8 33. Re3 h5 34. Rg6 Nc5 35. Rxg8 Rxg8 36. Rg3 Rf8 37. Rg7+ Rf7 38. Rxf7+ Kxf7 39. Kg3 a6 40. Kf4 axb5 41. Kg5 Nxd3 42. cxd3 Ba6 43. Nc2 d4 44. Kxh5 b4 45. Nxb4 Bb5 46. Kg5 Ba4 47. h5 Kg7 48. h6+ Kh7 49. Na6 Bc2 50. Nc7 Bb3 51. Nb5 1-0

[Event "GER-ch rapid 46th"]
[Site "Plochingen"]
[Date "2020.09.19"]
[Round "5"]
[White "Spiess, Gunter"]
[Black "Voigt, Martin"]
[Result "1/2-1/2"]
[WhiteElo "2391"]
[BlackElo "2289"]
[PlyCount "31"]
[EventDate "2020.09.19"]
[EventType "swiss"]
[EventRounds "9"]
[EventCountry "GER"]
[SourceTitle "CBM 198 Extra"]
[Source "ChessBase"]
[SourceDate "2020.11.30"]
[SourceVersion "1"]
[SourceVersionDate "2020.11.30"]
[SourceQuality "1"]

1. d4 d5 2. c4 e6 3. Nc3 a6 4. cxd5 exd5 5. Nf3 Nf6 6. Bg5 Be6 7. e3 Nbd7 8. Bd3 Bd6 9. Qc2 h6 10. Bh4 0-0 11. a3 c5 12. dxc5 Nxc5 13. 0-0 Rc8 14. Rfd1 Qe7 15. Rac1 Rfd8 16. b4 1/2-1/2

[Event "BL2-Nord 1920"]
[Site "Germany"]
[Date "2020.02.09"]
[Round "8.5"]
[White "Voigt, Martin"]
[Black "Schoene, Ralf"]
[Result "1-0"]
[WhiteElo "2353"]
[BlackElo "2262"]
[PlyCount "59"]
[EventDate "2019.10.19"]
[EventType "team-tourn"]
[EventRounds "9"]
[EventCountry "GER"]
[SourceTitle "CBM 194 Extra"]
[Source "ChessBase"]
[SourceDate "2020.03.31"]
[SourceVersion "1"]
[SourceVersionDate "2020.03.31"]
[SourceQuality "1"]
[WhiteTeam "St Pauli"]
[BlackTeam "Potsdam Empor"]
[WhiteTeamCountry "GER"]
[BlackTeamCountry "GER"]

1. e4 e5 2. Nf3 Nc6 3. Bc4 Bc5 4. c3 Nf6 5. d3 a6 6. 0-0 Ba7 7. Nbd2 d6 8. Bb3 0-0 9. h3 h6 10. Re1 Nh5 11. Nf1 Qf6 12. Ne3 Nf4 13. Ng4 Qg6 14. Bxf4 exf4 15. d4 Bxg4 16. hxg4 Qxg4 17. Qd3 Nd8 18. e5 Bb8 19. d5 b5 20. Bc2 g6 21. e6 Nb7 22. exf7+ Kxf7 23. Qe2 Kg7 24. Qd2 Ba7 25. Re6 Rf6 26. Rxf6 Kxf6 27. Re1 Rg8 28. Re6+ Kf7 29. Qe2 Bb6 30. Ne5+ 1-0

[Event "BL2-Nord 1920"]
[Site "Germany"]
[Date "2019.12.08"]
[Round "6.6"]
[White "Voigt, Martin"]
[Black "Ahlander, Bjorn"]
[Result "0-1"]
[WhiteElo "2353"]
[BlackElo "2399"]
[PlyCount "105"]
[EventDate "2019.10.19"]
[EventType "team-tourn"]
[EventRounds "9"]
[EventCountry "GER"]
[SourceTitle "CBM 194 Extra"]
[Source "ChessBase"]
[SourceDate "2020.03.31"]
[SourceVersion "1"]
[SourceVersionDate "2020.03.31"]
[SourceQuality "1"]
[WhiteTeam "St Pauli"]
[BlackTeam "Berlin SF II"]
[WhiteTeamCountry "GER"]
[BlackTeamCountry "GER"]

1. e4 c5 2. Nf3 e6 3. Nc3 Nc6 4. d4 cxd4 5. Nxd4 Qc7 6. g3 a6 7. Bg2 Nf6 8. 0-0 Nxd4 9. Qxd4 Bc5 10. Bf4 d6 11. Qd2 h6 12. Rad1 e5 13. Be3 Bb4 14. Nb5 axb5 15. Qxb4 Rxa2 16. Rxd6 0-0 17. Rd2 Be6 18. Rfd1 Qc4 19. Qxc4 bxc4 20. Bc5 Rc8 21. Bd6 Rxb2 22. Bxe5 c3 23. Rd8+ Rxd8 24. Rxd8+ Kh7 25. h3 Rxc2 26. Rd3 Rc1+ 27. Kh2 c2 28. Rc3 b5 29. Bf4 b4 30. Rc6 Re1 31. Rxc2 b3 32. Rd2 Nxe4 33. Bxe4+ Rxe4 34. Bd6 h5 35. f3 Ra4 36. g4 f6 37. Bc5 Ra2 38. Rxa2 bxa2 39. Bd4 h4 40. Kg2 f5 41. Kf2 f4 42. Ke2 Bc4+ 43. Ke1 Kg6 44. Be5 Kf7 45. Bc3 g5 46. Bh8 Ke6 47. Bg7 Bd5 48. Ke2 Kd7 49. Bf6 Kc6 50. Kd2 Bxf3 51. Kc1 Bxg4 52. Kb2 f3 53. hxg4 0-1

[Event "BL2-Nord 1920"]
[Site "Germany"]
[Date "2019.10.20"]
[Round "2.6"]
[White "Voigt, Martin"]
[Black "Hoolt, Sarah"]
[Result "1/2-1/2"]
[WhiteElo "2353"]
[BlackElo "2323"]
[PlyCount "130"]
[EventDate "2019.10.19"]
[EventType "team-tourn"]
[EventRounds "9"]
[EventCountry "GER"]
[SourceTitle "CBM 194 Extra"]
[Source "ChessBase"]
[SourceDate "2020.03.31"]
[SourceVersion "1"]
[SourceVersionDate "2020.03.31"]
[SourceQuality "1"]
[WhiteTeam "St Pauli"]
[BlackTeam "Hamburger SK II"]
[WhiteTeamCountry "GER"]
[BlackTeamCountry "GER"]

1. e4 e6 2. d4 d5 3. Nc3 Nf6 4. e5 Nfd7 5. f4 c5 6. Nf3 Nc6 7. Be3 Be7 8. Qd2 0-0 9. h4 f6 10. exf6 Nxf6 11. dxc5 Qa5 12. 0-0-0 b6 13. cxb6 axb6 14. Nd4 Nxd4 15. Bxd4 Bb4 16. Bd3 Bxc3 17. Qxc3 Qxa2 18. h5 Ba6 19. Qa3 Bxd3 20. Qxa2 Rxa2 21. cxd3 Ng4 22. g3 Ra4 23. Bxb6 d4 24. Rhe1 Nf2 25. Rxe6 Ra1+ 26. Kd2 Rxd1+ 27. Ke2 Rc8 28. Kxf2 Rc2+ 29. Kf3 Rxd3+ 30. Kg4 Rxb2 31. Rd6 Rg2 32. Kf5 Rgxg3 33. h6 gxh6 34. Rd8+ Kf7 35. Rd7+ Ke8 36. Rxh7 Rd1 37. Kf6 Re3 38. Rh8+ Kd7 39. Rd8+ Kc6 40. Rxd4 Rxd4 41. Bxd4 Rd3 42. Be5 Kd5 43. Kg6 Rh3 44. Bf6 Ke4 45. f5 Kf4 46. Bb2 Rg3+ 47. Kxh6 Kxf5 48. Bd4 Rh3+ 49. Kg7 Rg3+ 50. Kh7 Kg5 51. Kg7 Rd3 52. Bf6+ Kf5 53. Bb2 Rd7+ 54. Kh6 Rd6+ 55. Kg7 Rg6+ 56. Kh7 Re6 57. Kg7 Rc6 58. Kh7 Kg5 59. Kg7 Rc7+ 60. Kf8 Rb7 61. Bc3 Kf5 62. Bd4 Ke6 63. Bc3 Rb3 64. Bd4 Rg3 65. Bb2 Rf3+ 1/2-1/2

[Event "Hamburg Engelbert Memorial-B"]
[Site "Hamburg"]
[Date "2019.10.11"]
[Round "9"]
[White "Borges, Guilherme Deola"]
[Black "Voigt, Martin"]
[Result "1/2-1/2"]
[WhiteElo "2154"]
[BlackElo "2353"]
[PlyCount "135"]
[EventDate "2019.10.04"]
[EventType "tourn"]
[EventRounds "9"]
[EventCountry "GER"]
[EventCategory "3"]
[SourceTitle "EXT 2020"]
[Source "ChessBase"]
[SourceDate "2019.10.17"]
[SourceVersion "1"]
[SourceVersionDate "2019.10.17"]
[SourceQuality "1"]

1. d4 d5 2. c4 e6 3. Nc3 Nf6 4. cxd5 exd5 5. Bg5 c6 6. e3 Bd6 7. Bd3 0-0 8. Nge2 Re8 9. Qd2 Nbd7 10. f3 Nf8 11. Bh4 Ng6 12. Bf2 Qc7 13. h4 h5 14. 0-0-0 b5 15. Kb1 a5 16. Rc1 Qb7 17. Qc2 a4 18. Bxg6 fxg6 19. Qxg6 b4 20. Nd1 b3 21. a3 Rf8 22. Bg3 Ne8 23. e4 Qe7 24. Bxd6 Nxd6 25. Rxc6 Rf6 26. Qxh5 dxe4 27. Qd5+ Kh7 28. Rxd6 Rxd6 29. Qxa8 Bb7 30. Qxa4 exf3 31. Ng3 fxg2 32. Rg1 Qf7 33. Qb5 Rxd4 34. Ne3 Rxh4 35. Qd3+ g6 36. Nxg2 Qf2 37. Qf1 Qxf1+ 38. Nxf1 Bxg2 39. Rxg2 Re4 40. Kc1 Re1+ 41. Kd2 Rxf1 42. Rg3 Rf5 43. Rxb3 g5 44. Re3 Kg6 45. b4 g4 46. a4 Rf2+ 47. Kc3 Kf5 48. a5 Kf4 49. Re8 Ra2 50. Kd4 g3 51. Rf8+ Kg4 52. Kd5 Ra4 53. Kc4 g2 54. Kb5 Ra1 55. Rg8+ Kf3 56. a6 g1Q 57. Rxg1 Rxg1 58. Kc5 Ra1 59. b5 Ke4 60. b6 Ra5+ 61. Kc6 Rxa6 62. Kc7 Kd5 63. b7 Rc6+ 64. Kd7 Rd6+ 65. Kc7 Rc6+ 66. Kd7 Rb6 67. Kc7 Rxb7+ 68. Kxb7 1/2-1/2

[Event "Hamburg Engelbert Memorial-B"]
[Site "Hamburg"]
[Date "2019.10.09"]
[Round "7"]
[White "Kramer, Julian"]
[Black "Voigt, Martin"]
[Result "1-0"]
[WhiteElo "2371"]
[BlackElo "2353"]
[PlyCount "87"]
[EventDate "2019.10.04"]
[EventType "tourn"]
[EventRounds "9"]
[EventCountry "GER"]
[EventCategory "3"]
[SourceTitle "EXT 2020"]
[Source "ChessBase"]
[SourceDate "2019.10.17"]
[SourceVersion "1"]
[SourceVersionDate "2019.10.17"]
[SourceQuality "1"]

1. e4 d6 2. d4 Nf6 3. Nc3 Nbd7 4. Be3 e5 5. Qd2 Be7 6. f3 0-0 7. 0-0-0 c6 8. g4 b5 9. g5 Nh5 10. Nce2 Nb6 11. b3 Be6 12. Kb1 a5 13. Ng3 Nf4 14. dxe5 dxe5 15. Qxd8 Rfxd8 16. Rxd8+ Bxd8 17. N3e2 Bc7 18. Nxf4 exf4 19. Bc1 a4 20. Ne2 axb3 21. cxb3 Rd8 22. Nxf4 Bc8 23. Be2 Be5 24. Be3 Re8 25. Rc1 Bxf4 26. Bxf4 Nd5 27. Bd2 Ne7 28. Bb4 Nd5 29. Bd6 b4 30. Bc4 Ne3 31. Bd3 Rd8 32. Rxc6 Bh3 33. Be2 Nf1 34. Bxb4 Nxh2 35. Rd6 Rb8 36. Bd2 Bg2 37. Rd3 Nf1 38. Bf4 Re8 39. Rd1 f5 40. gxf6 gxf6 41. Bxf1 Bxf3 42. Re1 Bxe4+ 43. Kb2 f5 44. Bg2 1-0

[Event "Hamburg Engelbert Memorial-B"]
[Site "Hamburg"]
[Date "2019.10.08"]
[Round "6"]
[White "Voigt, Martin"]
[Black "Woelk, Tom Frederic"]
[Result "1-0"]
[WhiteElo "2353"]
[BlackElo "2255"]
[PlyCount "61"]
[EventDate "2019.10.04"]
[EventType "tourn"]
[EventRounds "9"]
[EventCountry "GER"]
[EventCategory "3"]
[SourceTitle "EXT 2020"]
[Source "ChessBase"]
[SourceDate "2019.10.17"]
[SourceVersion "1"]
[SourceVersionDate "2019.10.17"]
[SourceQuality "1"]

1. e4 e5 2. Nf3 Nc6 3. Nc3 Nf6 4. d4 exd4 5. Nxd4 Bb4 6. Nxc6 bxc6 7. Bd3 0-0 8. 0-0 d5 9. exd5 cxd5 10. Bg5 Bxc3 11. bxc3 h6 12. Bh4 Qd6 13. Qf3 Bg4 14. Qg3 Qxg3 15. Bxg3 c6 16. f3 Be6 17. Rfb1 Nd7 18. a4 a6 19. Bd6 Rfc8 20. Rb7 c5 21. Re1 c4 22. Bg6 Rc6 23. Rxe6 fxe6 24. Rxd7 Kh8 25. Be5 Rg8 26. h4 Rc5 27. h5 Ra5 28. g4 Rxa4 29. g5 hxg5 30. h6 Ra8 31. Bxg7+ 1-0

[Event "Hamburg Engelbert Memorial-B"]
[Site "Hamburg"]
[Date "2019.10.06"]
[Round "4"]
[White "Langrock, Hannes"]
[Black "Voigt, Martin"]
[Result "1-0"]
[WhiteElo "2359"]
[BlackElo "2353"]
[PlyCount "81"]
[EventDate "2019.10.04"]
[EventType "tourn"]
[EventRounds "9"]
[EventCountry "GER"]
[EventCategory "3"]
[SourceTitle "EXT 2020"]
[Source "ChessBase"]
[SourceDate "2019.10.17"]
[SourceVersion "1"]
[SourceVersionDate "2019.10.17"]
[SourceQuality "1"]

1. d4 d6 2. Nf3 Nf6 3. g3 Nbd7 4. Bg2 c6 5. 0-0 e5 6. dxe5 dxe5 7. Nc3 Be7 8. e4 0-0 9. h3 b5 10. a3 Qc7 11. Nh4 Rd8 12. Qe1 a5 13. Nf5 Bf8 14. Qe3 Ba6 15. Re1 g6 16. Nh6+ Kg7 17. Qf3 b4 18. Nd1 Nc5 19. Bg5 Be7 20. Ne3 Bc8 21. Neg4 Bxg4 22. hxg4 Ne6 23. Be3 Bc5 24. g5 Ng8 25. Bxc5 Nxc5 26. Ng4 Qe7 27. Qe3 b3 28. Rac1 Rd4 29. f4 Rc4 30. cxb3 exf4 31. gxf4 Rxc1 32. Rxc1 Ne6 33. Rxc6 Qd7 34. Rc1 Rb8 35. f5 Nd4 36. Rd1 Rd8 37. Kh1 gxf5 38. exf5 Kf8 39. Qe5 f6 40. Nxf6 Qe7 41. Rxd4 1-0

[Event "Hamburg Engelbert Memorial-B"]
[Site "Hamburg"]
[Date "2019.10.06"]
[Round "3"]
[White "Voigt, Martin"]
[Black "Lanka, Zigurds"]
[Result "0-1"]
[WhiteElo "2353"]
[BlackElo "2386"]
[PlyCount "100"]
[EventDate "2019.10.04"]
[EventType "tourn"]
[EventRounds "9"]
[EventCountry "GER"]
[EventCategory "3"]
[SourceTitle "EXT 2020"]
[Source "ChessBase"]
[SourceDate "2019.10.17"]
[SourceVersion "1"]
[SourceVersionDate "2019.10.17"]
[SourceQuality "1"]

1. e4 c5 2. Nf3 e6 3. d4 cxd4 4. Nxd4 a6 5. g3 h5 6. Bg2 h4 7. 0-0 hxg3 8. hxg3 d6 9. Re1 Bd7 10. Nc3 Nc6 11. Nd5 exd5 12. Nxc6 bxc6 13. exd5+ Be7 14. dxc6 Be6 15. Bf4 Qc7 16. Qd3 Nf6 17. Red1 Qa5 18. c7 Rc8 19. Bxd6 Bxd6 20. Qxd6 Qxc7 21. Qxa6 Qc5 22. c3 0-0 23. Rd4 g6 24. Qd6 Qh5 25. Rh4 Qg5 26. a4 Kg7 27. Qf4 Qxf4 28. Rxf4 Bd5 29. a5 Bxg2 30. Kxg2 Rc7 31. a6 Ra8 32. Rfa4 Raa7 33. Kf3 Nd7 34. Ke3 Nb6 35. R4a2 Rd7 36. Ke2 Rd6 37. b4 Kf6 38. b5 Rd5 39. Rb1 Ke5 40. c4 Rc5 41. Rc2 Rac7 42. f4+ Ke4 43. Rd1 Rxb5 44. Rd6 Rxc4 45. Rxc4+ Nxc4 46. Rf6 Rb2+ 47. Kd1 Kd3 48. Kc1 Rc2+ 49. Kb1 Kc3 50. Rc6 Kb3 0-1

[Event "Lueneburg op-A"]
[Site "Lueneburg"]
[Date "2019.08.11"]
[Round "9"]
[White "Voigt, Martin"]
[Black "Darpan, Inani"]
[Result "1/2-1/2"]
[WhiteElo "2344"]
[BlackElo "1956"]
[PlyCount "67"]
[EventDate "2019.08.03"]
[EventType "swiss"]
[EventRounds "9"]
[EventCountry "GER"]
[SourceTitle "CBM 191 Extra"]
[Source "ChessBase"]
[SourceDate "2019.09.30"]
[SourceVersion "1"]
[SourceVersionDate "2019.09.30"]
[SourceQuality "1"]

1. e4 c5 2. Nf3 d6 3. Bb5+ Bd7 4. Bxd7+ Qxd7 5. 0-0 Nf6 6. e5 dxe5 7. Nxe5 Qc8 8. Na3 e6 9. Qf3 Be7 10. Nac4 0-0 11. Na5 Nbd7 12. Nxd7 Qxd7 13. Qxb7 Qxb7 14. Nxb7 a5 15. d4 cxd4 16. Bf4 Ra7 17. Nd6 Nh5 18. Be5 Rd7 19. Nc4 f6 20. Bg3 Nxg3 21. hxg3 Rc7 22. b3 Bb4 23. Rad1 e5 24. a4 Rd8 25. f3 Kf7 26. g4 h6 27. g3 Ke6 28. Kg2 Rxc4 29. bxc4 Rc8 30. Ra1 Rxc4 31. Ra2 Kd5 32. Kf2 Rc3 33. Rd1 Kc4 34. g5 1/2-1/2

[Event "Lueneburg op-A"]
[Site "Lueneburg"]
[Date "2019.08.10"]
[Round "8"]
[White "Von Estorff, Jacob"]
[Black "Voigt, Martin"]
[Result "0-1"]
[WhiteElo "2055"]
[BlackElo "2344"]
[PlyCount "70"]
[EventDate "2019.08.03"]
[EventType "swiss"]
[EventRounds "9"]
[EventCountry "GER"]
[SourceTitle "CBM 191 Extra"]
[Source "ChessBase"]
[SourceDate "2019.09.30"]
[SourceVersion "1"]
[SourceVersionDate "2019.09.30"]
[SourceQuality "1"]

1. e4 c6 2. d4 d5 3. e5 c5 4. c3 Nc6 5. Nf3 Bg4 6. Be2 e6 7. 0-0 Nge7 8. Be3 Nf5 9. Nbd2 Be7 10. h3 Bxf3 11. Nxf3 cxd4 12. cxd4 0-0 13. a3 f6 14. Bb5 Qb6 15. Bxc6 bxc6 16. Qd2 Nxe3 17. Qxe3 c5 18. Rac1 c4 19. Rc2 f5 20. Nd2 a5 21. f4 Rab8 22. Rf2 Rb7 23. Nb1 Rfb8 24. Nc3 Qc6 25. Kh2 Rb3 26. Qc1 h5 27. Qd1 h4 28. Qh5 Qe8 29. Qf3 Qg6 30. Nxd5 Qg3+ 31. Kg1 Rxf3 32. Rxf3 exd5 33. Rxg3 hxg3 34. Kf1 Rb3 35. Ke2 Kf7 0-1

[Event "BL2-Nord 1819"]
[Site "Germany"]
[Date "2019.02.24"]
[Round "8.6"]
[White "Voigt, Martin"]
[Black "Kollen, Zyon"]
[Result "1/2-1/2"]
[WhiteElo "2352"]
[BlackElo "2363"]
[PlyCount "100"]
[EventDate "2018.11.10"]
[EventType "team-tourn"]
[EventRounds "10"]
[EventCountry "GER"]
[SourceTitle "CBM 190 Extra"]
[Source "ChessBase"]
[SourceDate "2019.07.15"]
[SourceVersion "1"]
[SourceVersionDate "2019.07.15"]
[SourceQuality "1"]
[WhiteTeam "St Pauli"]
[BlackTeam "Lingen"]
[WhiteTeamCountry "GER"]
[BlackTeamCountry "GER"]

1. e4 e6 2. d4 d5 3. Nc3 Bb4 4. Bd3 c5 5. exd5 exd5 6. dxc5 Nf6 7. Nge2 Nc6 8. 0-0 Bxc5 9. Bg5 Be6 10. Nf4 Qd7 11. Bxf6 gxf6 12. Qh5 0-0-0 13. Nfxd5 Bxd5 14. Bf5 Be6 15. Bxe6 fxe6 16. Qxc5 Qd4 17. Qxd4 Rxd4 18. Rfd1 Rhd8 19. Rxd4 Rxd4 20. Kf1 f5 21. Rc1 Kd7 22. a3 e5 23. g3 Ke6 24. Rd1 Rxd1+ 25. Nxd1 Nd4 26. c3 Nf3 27. h4 f4 28. Kg2 Ne1+ 29. Kh3 Kf5 30. g4+ Ke4 31. g5 Kf5 32. c4 e4 33. c5 a5 34. b4 axb4 35. axb4 Nd3 36. b5 Nxc5 37. Nc3 e3 38. fxe3 fxe3 39. Ne2 Ne6 40. Kg3 Ke4 41. b6 Kd3 42. Kf3 Nd4+ 43. Nxd4 Kxd4 44. Ke2 Ke4 45. h5 Kf5 46. g6 hxg6 47. hxg6 Kxg6 48. Kxe3 Kf5 49. Kd4 Ke6 50. Ke4 Kd6 1/2-1/2